000 00449nam a2200133Ia 4500
008 220216s9999 xx 000 0 und d
100 _aMontoro P
_cet al
245 0 _aEffect of cytokinins on the induction of embryogenesis and the quality of somatic embryos in Hevea brasiliensis Muell Arg
260 _bComptes Rendus de lAcademie des Sciences. Series 3
_c1992
300 _a567-574
500 _aSource Year: 1993
856 _uPBA
942 _cJS
999 _c57773
_d57773